[Event "corr C1995F.001"]
[Site "IECG"]
[Date "1997.??.??"]
[Round "?"]
[White "Nasman, Per"]
[Black "Garay, Luis M"]
[Result "1-0"]
[WhiteElo "2395"]
[BlackElo "2276"]
[PlyCount "77"]
[EventDate "1997.09.01"]
[Source "www.chesslib.no"]
[SourceDate "2004.05.04"]

1. e4 e5 2. f4 d5 3. exd5 e4 4. d3 Nf6 5. dxe4 Nxe4 6. Nf3 Bc5 7. Qe2 Bf5 8. Nc3 Qe7 9. Be3 Bxe3 10. Qxe3 Nxc3 11. Qxe7+ Kxe7 12. bxc3 Bxc2 13. Kd2 Bg6 14. Re1+ Kd6 15. Nd4 h5 16. f5 Bh7 17. Be2 Nd7 18. Bxh5 Raf8 19. c4 a6 20. Kc3 Nc5 21. Bd1 Rb8 22. Re3 Rbe8 23. Rhe1 Rxe3+ 24. Rxe3 Rd8 25. Bc2 Nd7 26. Rg3 Rg8 27. Rh3 Rh8 28. g4 Ne5 29. g5 g6 30. f6 c6 31. dxc6 bxc6 32. Ba4 c5 33. Nb3 a5 34. Nxa5 Kc7 35. Re3 Ng4 36. Re7+ Kb6 37. Bd7 Kxa5 38. Bxg4 Bg8 39. h3 1-0

[Event "Coppa Latina5-08"]
[Site "Coppa Latina5-08"]
[Date "1995.??.??"]
[Round "?"]
[White "Clement, Paul"]
[Black "Bas i Fortuny, M."]
[Result "1-0"]
[WhiteElo "2325"]
[BlackElo "2325"]
[PlyCount "63"]
[EventDate "1995.??.??"]
[Source "www.chesslib.no"]
[SourceDate "2004.05.04"]

1. e4 e5 2. f4 d5 3. exd5 e4 4. d3 Nf6 5. dxe4 Nxe4 6. Nf3 Bc5 7. Qe2 Bf5 8. Nc3 Qe7 9. Be3 Nxc3 10. Bxc5 Nxe2 11. Bxe7 Nxf4 12. Ba3 Nd7 13. O-O-O Be4 14. Ng5 Bxd5 15. Re1+ Kd8 16. c4 f6 17. cxd5 fxg5 18. Be7+ Kc8 19. Bxg5 Nxd5 20. Bd3 c6 21. Rhf1 Kc7 22. Rf7 Raf8 23. Rxg7 Rhg8 24. Rxg8 Rxg8 25. h4 Rg7 26. Bf5 h6 27. Bxh6 Rxg2 28. Rh1 N7f6 29. h5 Kd6 30. Bd2 Rg8 31. h6 Rh8 32. h7 1-0

[Event "Buenos Aires ol (Men)"]
[Site "Buenos Aires ARG"]
[Date "1978.??.??"]
[Round "7"]
[White "Day, Lawrence A"]
[Black "Delgado, Alberto"]
[Result "1-0"]
[WhiteElo "2350"]
[BlackElo "2300"]
[PlyCount "45"]
[EventDate "1978.10.25"]
[Source "www.chesslib.no"]
[SourceDate "2004.05.04"]

1. e4 e5 2. f4 d5 3. exd5 e4 4. d3 Nf6 5. dxe4 Nxe4 6. Nf3 Bc5 7. Qe2 Bf5 8. Nc3 Qe7 9. Be3 Nxc3 10. Bxc5 Nxe2 11. Bxe7 Nxf4 12. Ba3 Nd7 13. O-O-O O-O-O 14. Rd4 Nh5 15. g4 Bxg4 16. Rxg4 Ndf6 17. Rd4 Nxd5 18. Bh3+ Kb8 19. Rhd1 Nhf4 20. Bf1 Kc8 21. Bc5 c6 22. c4 Ne6 23. Bh3 1-0

[Event "1. IM"]
[Site "?"]
[Date "2005.01.03"]
[Round "7"]
[White "Asis Gargatagli Hipolito"]
[Black "Ferron Garcia Carlos"]
[Result "1-0"]
[WhiteElo "2340"]
[BlackElo "2305"]
[PlyCount "155"]
[EventDate "2005.??.??"]
[Source "www.chesslib.no"]
[SourceDate "2004.05.04"]

1. e4 e5 2. f4 d5 3. exd5 e4 4. d3 Nf6 5. dxe4 Nxe4 6. Nf3 Bc5 7. Qe2 Bf5 8. Nc3 Qe7 9. Be3 Bxe3 10. Qxe3 Nxc3 11. Qxe7+ Kxe7 12. bxc3 Be4 13. Ng5 Bxd5 14. O-O-O c6 15. Re1+ Kd7 16. c4 Be6 17. Bd3 h6 18. Nf3 Kd8 19. Rd1 Kc7 20. Rhe1 Re8 21. Nd4 Na6 22. Re5 Rad8 23. c3 b6 24. Rde1 Nc5 25. Bc2 Rf8 26. Kb1 Rd7 27. Nxe6+ fxe6 28. f5 exf5 29. Bxf5 Rd2 30. Re7+ Kd6 31. g4 g6 32. Bxg6 Rff2 33. Rxa7 Rxh2 34. Ra8 Nb7 35. Ra4 Rh3 36. Rb4 Rxc3 37. Rxb6 Na5 38. Rb2 Rd4 39. Bf5 Nxc4 40. Rh2 Kc5 41. Rxh6 Rd2 42. Reh1 Ra3 43. Bc2 Rg3 44. Bb3 Na3+ 45. Ka1 Rxg4 46. Rc1+ Kb5 47. Rh8 Nc4 48. Rb8+ Nb6 49. Rb1 Kc5 50. Rxb6 Kxb6 51. Be6+ Ka5 52. Bxg4 Rc2 53. Bd1 Rd2 54. Bb3 c5 55. Rc1 Kb5 56. Rc2 Rd1+ 57. Kb2 Rg1 58. a4+ Kb6 59. Rf2 Ka5 60. Rf8 Kb6 61. Rb8+ Kc7 62. Rb5 Kc6 63. Rb8 Kc7 64. Rg8 Rh1 65. a5 Rh3 66. Rg7+ Kc6 67. a6 Rh8 68. a7 Ra8 69. Kc3 Kb6 70. Rg6+ Kxa7 71. Bd5 Rh8 72. Kc4 Rc8 73. Rg7+ Kb6 74. Rb7+ Ka6 75. Rb2 Rc7 76. Rb1 Ka5 77. Bb7 Rh7 78. Kxc5 1-0

[Event "It (c)"]
[Site "It (c)"]
[Date "1989.??.??"]
[Round "?"]
[White "Buecker, Stefan"]
[Black "Schuh, Franz"]
[Result "1-0"]
[WhiteElo "2335"]
[BlackElo "2295"]
[PlyCount "30"]
[EventDate "1989.??.??"]
[Source "www.chesslib.no"]
[SourceDate "2004.05.04"]

1. e4 e5 2. f4 d5 3. exd5 e4 4. d3 Nf6 5. dxe4 Nxe4 6. Nf3 Bc5 7. Qe2 Qxd5 8. Nfd2 Kd8 9. Nxe4 Re8 10. Nbc3 Bb4 11. Be3 Bd7 12. Kf2 Qa5 13. Rd1 f5 14. Ng5 Nc6 15. Qd3 Re7 1-0

[Event "DEN-chT 9899"]
[Site "Denmark"]
[Date "1999.??.??"]
[Round "6"]
[White "Nikontovic, Semir"]
[Black "Pedersen, Karl"]
[Result "1-0"]
[WhiteElo "2320"]
[BlackElo "2305"]
[PlyCount "77"]
[EventDate "1999.??.??"]
[Source "www.chesslib.no"]
[SourceDate "2004.05.04"]

1. e4 e5 2. f4 d5 3. exd5 e4 4. d3 Nf6 5. dxe4 Nxe4 6. Be3 Bd6 7. Nf3 O-O 8. Bd3 Re8 9. O-O Nd7 10. Ne5 Ndf6 11. Nc3 Nxc3 12. bxc3 Qe7 13. Qf3 Bc5 14. c4 Nd7 15. Rae1 Nf8 16. Bxc5 Qxc5+ 17. Qf2 Qa3 18. Qd4 f6 19. Nf3 Bg4 20. Rxe8 Rxe8 21. Re1 Rxe1+ 22. Nxe1 Qc1 23. Qf2 Nd7 24. h3 Bh5 25. Kh2 b6 26. g4 Bf7 27. Ng2 g6 28. Qe3 Qxe3 29. Nxe3 Kf8 30. h4 Ke7 31. g5 f5 32. h5 Kd6 33. h6 c6 34. dxc6 Kxc6 35. Kg3 Bg8 36. Kf2 Kc5 37. c3 Nb8 38. Nd5 Nd7 39. Ne7 1-0

[Event "Warsaw Open"]
[Site "Warsaw POL"]
[Date "1989.??.??"]
[Round "?"]
[White "Chalupnik, Marcin"]
[Black "Ciszek, Mieczyslaw"]
[Result "1-0"]
[WhiteElo "2300"]
[BlackElo "2320"]
[PlyCount "59"]
[EventDate "1989.04.??"]
[Source "www.chesslib.no"]
[SourceDate "2004.05.04"]

1. e4 e5 2. f4 d5 3. exd5 e4 4. d3 Nf6 5. dxe4 Nxe4 6. Nf3 Bc5 7. Qe2 Qe7 8. Be3 Bb4+ 9. c3 Bd6 10. Nbd2 O-O 11. Ne5 Nxd2 12. Bxd2 Re8 13. O-O-O f6 14. Qh5 fxe5 15. Bd3 e4 16. Bxe4 g6 17. Bxg6 Rf8 18. Bc2 Nd7 19. Rhe1 Nf6 20. Qh4 Qf7 21. Be3 Bg4 22. Rd2 Rae8 23. h3 Rxe3 24. Rxe3 Bxf4 25. Rg3 Bxd2+ 26. Kxd2 Qxd5+ 27. Kc1 Qxa2 28. Rxg4+ Kh8 29. Rf4 Qe6 30. Rxf6 1-0

[Event "CZE-chT2"]
[Site "Czech Republic"]
[Date "1995.??.??"]
[Round "?"]
[White "Trefny, Vlastimil"]
[Black "Hosek, Milan"]
[Result "1-0"]
[WhiteElo "2335"]
[BlackElo "2280"]
[PlyCount "69"]
[EventDate "1995.??.??"]
[Source "www.chesslib.no"]
[SourceDate "2004.05.04"]

1. e4 e5 2. f4 d5 3. exd5 e4 4. d3 Nf6 5. dxe4 Nxe4 6. Be3 Qh4+ 7. g3 Nxg3 8. Nf3 Qe7 9. hxg3 Qxe3+ 10. Qe2 Qxe2+ 11. Bxe2 Nd7 12. Nc3 Bb4 13. O-O-O Bxc3 14. bxc3 Nc5 15. Ng5 h6 16. Bb5+ Kf8 17. Rde1 Bf5 18. d6 cxd6 19. Bc4 Ne6 20. Bd5 Nxg5 21. fxg5 Rc8 22. Rhf1 Bg6 23. Re6 Bh5 24. g6 f6 25. Rxd6 Bxg6 26. Rd7 h5 27. Rxb7 a5 28. c4 Be8 29. Rf4 Rh6 30. Re4 Rg6 31. Re3 Rg5 32. a4 Rd8 33. Ra7 Rd7 34. Rxe8+ Kxe8 35. Bc6 1-0

[Event "SUI-chI Open"]
[Site "Switzerland"]
[Date "1992.??.??"]
[Round "6"]
[White "Van de Berkmortel, Theo"]
[Black "Vucenovic, Dragomir"]
[Result "1-0"]
[WhiteElo "2300"]
[BlackElo "2305"]
[PlyCount "39"]
[EventDate "1992.??.??"]
[Source "www.chesslib.no"]
[SourceDate "2004.05.04"]

1. e4 e5 2. f4 d5 3. exd5 e4 4. d3 Nf6 5. dxe4 Nxe4 6. Nf3 Bc5 7. Qe2 Bf5 8. Nc3 Qe7 9. Be3 Nd7 10. Nxe4 Bxe4 11. Bxc5 Nxc5 12. O-O-O O-O-O 13. Ng5 f5 14. Qe3 Kb8 15. g3 c6 16. Nxe4 Nxe4 17. dxc6 Rxd1+ 18. Kxd1 Re8 19. Kc1 Nf2 20. Qxf2 1-0

[Event "FRA Team Ch"]
[Site "France"]
[Date "1994.??.??"]
[Round "2"]
[White "Sermier, Guillaume"]
[Black "Mancini, Mario"]
[Result "0-1"]
[WhiteElo "2295"]
[BlackElo "2305"]
[PlyCount "110"]
[EventDate "1994.??.??"]
[Source "www.chesslib.no"]
[SourceDate "2004.05.04"]

1. e4 e5 2. f4 d5 3. exd5 e4 4. d3 Nf6 5. dxe4 Nxe4 6. Be3 Qh4+ 7. g3 Nxg3 8. Nf3 Qe7 9. hxg3 Qxe3+ 10. Qe2 Bc5 11. Qxe3+ Bxe3 12. Bd3 h6 13. Nc3 O-O 14. Kf1 Nd7 15. Re1 Bb6 16. Ne4 Nc5 17. Nxc5 Bxc5 18. c3 c6 19. dxc6 bxc6 20. Ne5 Re8 21. Bc4 Be6 22. Bxe6 Rxe6 23. Nd3 Rxe1+ 24. Kxe1 Re8+ 25. Kd2 Be3+ 26. Kd1 Bb6 27. Re1 Rd8 28. Kc2 h5 29. b4 f6 30. Re6 Rc8 31. c4 Kf7 32. Rd6 Be3 33. Rd7+ Kg6 34. c5 a5 35. a3 axb4 36. axb4 Bg1 37. Kc3 Bh2 38. f5+ Kh6 39. Nf4 Bxg3 40. Ne6 Be5+ 41. Kc4 g5 42. fxg6 Kxg6 43. b5 cxb5+ 44. Kxb5 h4 45. c6 h3 46. Rd1 h2 47. Nc5 Kf5 48. Nd3 Bg3 49. Nc5 Kg4 50. Ne4 f5 51. Nxg3 Kxg3 52. Kb6 f4 53. Kb7 Rh8 54. c7 f3 55. Rd8 Rh7 0-1

[Event "La Pobla de Lillet op"]
[Site "?"]
[Date "1994.??.??"]
[Round "?"]
[White "F.J.Fernandez Lopez"]
[Black "Ferron"]
[Result "0-1"]
[WhiteElo "2260"]
[BlackElo "2330"]
[PlyCount "80"]
[EventDate "1994.??.??"]
[Source "www.chesslib.no"]
[SourceDate "2004.05.04"]

1. e4 e5 2. f4 d5 3. exd5 e4 4. d3 Nf6 5. dxe4 Nxe4 6. Nf3 Bc5 7. Qe2 Qe7 8. Be3 Bf5 9. Bxc5 Nxc5 10. Qxe7+ Kxe7 11. Nd4 Kf6 12. Nxf5 Re8+ 13. Kf2 Kxf5 14. Kf3 h5 15. Nc3 g5 16. fxg5 Nbd7 17. Bb5 c6 18. dxc6 bxc6 19. Be2 Rab8 20. Rhe1 Ne5+ 21. Kg3 Rxb2 22. Bxh5 Rxc2 23. Ne2 Kxg5 24. Nf4 Rg8 25. Rac1 Rxc1 26. Rxc1 Ne4+ 27. Kh3 Nf2+ 28. Kg3 Ne4+ 29. Kh3 Kxf4 30. Rf1+ Ke3 31. Re1+ Kd4 32. g3 Rh8 33. g4 c5 34. Kg2 c4 35. Rd1+ Kc3 36. Re1 Kd4 37. Rd1+ Kc3 38. Re1 Kd3 39. Rd1+ Nd2 40. Kf2 c3 0-1

[Event "Ostend Open"]
[Site "Ostend"]
[Date "1993.??.??"]
[Round "5"]
[White "Jonkman, Harmen"]
[Black "Denayer, Eric"]
[Result "0-1"]
[WhiteElo "2345"]
[BlackElo "2240"]
[PlyCount "54"]
[EventDate "1993.09.??"]
[Source "www.chesslib.no"]
[SourceDate "2004.05.04"]

1. e4 e5 2. f4 d5 3. exd5 e4 4. d3 Nf6 5. dxe4 Nxe4 6. Nf3 Bc5 7. Qe2 Bf2+ 8. Kd1 Qxd5+ 9. Nfd2 f5 10. Nc3 Qd4 11. Ncxe4 fxe4 12. c3 Qe3 13. Qh5+ Kd8 14. Qg5+ Ke8 15. Qxg7 Rf8 16. Bb5+ Nd7 17. Nb3 Qb6 18. Bc4 Nf6 19. f5 e3 20. Nd4 e2+ 21. Kc2 Bxd4 22. cxd4 Bxf5+ 23. Bd3 Qc6+ 24. Kd2 Bxd3 25. Kxd3 Qe4+ 26. Kc4 Rd8 27. Bh6 Rxd4+ 0-1

[Event "Zaragoza"]
[Site "?"]
[Date "2006.08.28"]
[Round "3"]
[White "Marin Sebastian"]
[Black "Llorente Zaro Alfonso"]
[Result "1-0"]
[WhiteElo "2212"]
[BlackElo "2367"]
[PlyCount "157"]
[EventDate "2006.??.??"]
[Source "www.chesslib.no"]
[SourceDate "2004.05.04"]

1. e4 e5 2. f4 d5 3. exd5 e4 4. d3 Nf6 5. dxe4 Nxe4 6. Nf3 Bc5 7. Qe2 Qe7 8. Be3 Na6 9. Bxc5 Naxc5 10. Nbd2 Bg4 11. Nxe4 Nxe4 12. O-O-O Bxf3 13. Qxf3 O-O-O 14. g4 Rhe8 15. Bb5 Rf8 16. Rhe1 Qc5 17. Qxe4 Qxb5 18. Qd4 Qa5 19. Re3 Qb6 20. c4 Qxd4 21. Rxd4 Rde8 22. Kd2 Kd7 23. f5 h6 24. Rde4 Rxe4 25. Rxe4 Kd6 26. Kd3 a5 27. Kd4 b6 28. b3 Rd8 29. h4 Rh8 30. a3 Kd7 31. Re2 Kd6 32. Re1 Kd7 33. Re4 Kd6 34. b4 axb4 35. axb4 Ra8 36. c5+ bxc5+ 37. bxc5+ Kd7 38. g5 hxg5 39. hxg5 Ra4+ 40. Ke5 f6+ 41. gxf6 gxf6+ 42. Kf4 Ra1 43. Re6 Rf1+ 44. Ke4 Re1+ 45. Kd4 Rd1+ 46. Ke3 Rxd5 47. c6+ Kd8 48. Rxf6 Ke7 49. Re6+ Kf7 50. Kf4 Rd1 51. Rh6 Rf1+ 52. Ke5 Re1+ 53. Kd5 Kg7 54. Re6 Rd1+ 55. Kc5 Kf7 56. Kb5 Ra1 57. Rh6 Kg7 58. Rg6+ Kf7 59. Re6 Ra2 60. Rh6 Kg7 61. Rh4 Rb2+ 62. Kc5 Rc2+ 63. Kd5 Re2 64. Re4 Rc2 65. Re7+ Kf6 66. Rxc7 Rd2+ 67. Kc5 Rc2+ 68. Kb6 Kxf5 69. Re7 Kf6 70. Re1 Kf7 71. Re4 Rb2+ 72. Kc7 Kf8 73. Kd7 Rd2+ 74. Kc8 Kf7 75. c7 Rb2 76. Kd7 Rd2+ 77. Kc6 Rc2+ 78. Kd6 Kf6 79. Re8 1-0

[Event "Todd Southam Memorial"]
[Site "?"]
[Date "2004.06.13"]
[Round "1"]
[White "Day Lawrence A"]
[Black "Krnan Tomas"]
[Result "0-1"]
[WhiteElo "2266"]
[BlackElo "2312"]
[PlyCount "48"]
[EventDate "2004.??.??"]
[Source "www.chesslib.no"]
[SourceDate "2004.05.04"]

1. e4 e5 2. f4 d5 3. exd5 e4 4. d3 Nf6 5. dxe4 Nxe4 6. Nf3 c6 7. Bc4 Bc5 8. Qe2 cxd5 9. Nc3 O-O 10. Nxd5 Nf6 11. Ne3 Qb6 12. Ne5 Nc6 13. Bd2 Nxe5 14. fxe5 Qxb2 15. O-O Qxe5 16. Rae1 Be6 17. Kh1 Rad8 18. Bd3 Bd6 19. g3 Rfe8 20. Qd1 Bd5+ 21. Kg1 Bc5 22. Rf5 Qd6 23. Kf1 Be4 24. Bb5 Bxf5 0-1

[Event "RUS-chJ U18"]
[Site "RUS"]
[Date "2000.??.??"]
[Round "?"]
[White "Kuznetsov, Lev"]
[Black "Gabrielian, Artur"]
[Result "0-1"]
[WhiteElo "2249"]
[BlackElo "2327"]
[PlyCount "92"]
[EventDate "2000.??.??"]
[Source "www.chesslib.no"]
[SourceDate "2004.05.04"]

1. e4 e5 2. f4 d5 3. exd5 e4 4. d3 Nf6 5. dxe4 Nxe4 6. Nf3 Bc5 7. Bd3 Nf2 8. Qe2+ Qe7 9. Rf1 Nxd3+ 10. cxd3 Qxe2+ 11. Kxe2 O-O 12. Rd1 Bg4 13. Nc3 Re8+ 14. Kf1 Bxf3 15. gxf3 Nd7 16. f5 Bd6 17. d4 Nb6 18. f6 g6 19. a3 Bxh2 20. Kf2 Bd6 21. Bh6 Rad8 22. Rh1 c5 23. dxc6 bxc6 24. Ne4 Nd5 25. Rh4 Re6 26. Rah1 Bf8 27. Bxf8 Kxf8 28. Ng5 Red6 29. Ne4 Re6 30. Ng5 Red6 31. Rxh7 Rxf6 32. Rh8+ Ke7 33. Rxd8 Kxd8 34. Rh8+ Kd7 35. Rf8 Nf4 36. Ke3 Nd5+ 37. Ke2 Nf4+ 38. Kd2 Ne6 39. Rxf7+ Rxf7 40. Nxf7 Nxd4 41. Ke3 Nf5+ 42. Kf4 Ke6 43. Ne5 g5+ 44. Ke4 Nd6+ 45. Kd4 c5+ 46. Kxc5 Kxe5 0-1

[Event "Reykjavik op"]
[Site "Reykjavik"]
[Date "1996.??.??"]
[Round "9"]
[White "Yoos, John C"]
[Black "Bjornsson, Bjorn Freyr"]
[Result "1-0"]
[WhiteElo "2345"]
[BlackElo "2230"]
[PlyCount "81"]
[EventDate "1996.03.??"]
[Source "ChessBase"]

1. e4 e5 2. f4 d5 3. exd5 e4 4. d3 Nf6 5. dxe4 Nxe4 6. Nf3 Bc5 7. Qe2 Bf2+ 8. Kd1 f5 9. Nfd2 Qxd5 10. Nc3 Qd4 11. Ncxe4 fxe4 12. c3 Qe3 13. Nxe4 Qxe2+ 14. Bxe2 Bb6 15. a4 Nc6 16. Re1 Bf5 17. Bh5+ Kd7 18. Ng3 Be6 19. Kc2 Na5 20. b4 Nc4 21. f5 Bd5 22. Rd1 c6 23. Bf3 Rad8 24. Bxd5 cxd5 25. Rxd5+ Kc6 26. Rxd8 Rxd8 27. b5+ Kd7 28. Bf4 Rc8 29. Rd1+ Ke7 30. Bg5+ Ke8 31. Nh5 Rc7 32. Rd3 Bg1 33. h3 Ne5 34. Rd8+ Kf7 35. Bf4 Re7 36. Bxe5 Rxe5 37. Rd7+ Kf8 38. Nxg7 Re2+ 39. Kb3 Rxg2 40. Ne6+ Kg8 41. f6 1-0

[Event "Ostende Team Ch EWG"]
[Site "Ostende"]
[Date "1975.09.19"]
[Round "2.3"]
[White "Stean, Michael F"]
[Black "Doyle, Anthony"]
[Result "1-0"]
[WhiteElo "2370"]
[BlackElo "2200"]
[PlyCount "73"]
[EventDate "1975.??.??"]
[Source "www.chesslib.no"]
[SourceDate "2004.05.04"]

1. e4 e5 2. f4 d5 3. exd5 e4 4. d3 Nf6 5. dxe4 Nxe4 6. Nf3 Bc5 7. Qe2 Bf5 8. Nc3 Qe7 9. Be3 Nd7 10. Nxe4 Bxe4 11. Bxc5 Nxc5 12. O-O-O O-O-O 13. Qe3 Rhe8 14. Bc4 Qf8 15. Qf2 Qd6 16. Ne5 f6 17. Ng4 Bxg2 18. Rhg1 Be4 19. Ne3 Re7 20. Rd4 Rde8 21. Bb5 Nd7 22. Nc4 Qc5 23. d6 Qxb5 24. dxe7 Rxe7 25. Qd2 b6 26. Re1 f5 27. b3 Qc6 28. Kb2 Qf6 29. Qc3 Kb7 30. Ne3 Nc5 31. Nd5 Bxd5 32. Rxe7 Qxe7 33. Rxd5 g6 34. Qe5 Qh4 35. b4 Na6 36. Rd7 Kc8 37. Re7 1-0

[Event "CZE-chT1 9596"]
[Site "Czech Republic"]
[Date "1995.??.??"]
[Round "?"]
[White "Nun, Josef"]
[Black "Mojzis, Jaroslav"]
[Result "1-0"]
[WhiteElo "2345"]
[BlackElo "2220"]
[PlyCount "79"]
[EventDate "1995.??.??"]
[Source "www.chesslib.no"]
[SourceDate "2004.05.04"]

1. e4 e5 2. f4 d5 3. exd5 e4 4. d3 Nf6 5. dxe4 Nxe4 6. Be3 Bb4+ 7. c3 Qh4+ 8. g3 Nxg3 9. Nf3 Qe7 10. hxg3 Qxe3+ 11. Qe2 Bc5 12. Qxe3+ Bxe3 13. Bd3 Nd7 14. Rh2 Bc5 15. Nbd2 Nf6 16. Ne4 Nxe4 17. Bxe4 h6 18. O-O-O O-O 19. Re1 a5 20. c4 Ra6 21. a3 Rf6 22. Ne5 Bd6 23. Nd3 b6 24. b4 axb4 25. axb4 Rd8 26. Kc2 Bf5 27. Bxf5 Rxf5 28. Rhe2 Bf8 29. Re8 Rxe8 30. Rxe8 g5 31. g4 Rf6 32. f5 h5 33. Ne5 hxg4 34. Nxg4 Rd6 35. c5 bxc5 36. bxc5 Ra6 37. Kb3 Ra1 38. d6 cxd6 39. cxd6 Rd1 40. d7 1-0

[Event "Kiev-ch"]
[Site "?"]
[Date "2003.02.01"]
[Round "10"]
[White "Pankin Eugeny"]
[Black "Shianovsky Vladislav I"]
[Result "1-0"]
[WhiteElo "2265"]
[BlackElo "2295"]
[PlyCount "57"]
[EventDate "2003.??.??"]
[Source "www.chesslib.no"]
[SourceDate "2004.05.04"]

1. e4 e5 2. f4 d5 3. exd5 e4 4. d3 Nf6 5. dxe4 Nxe4 6. Nf3 Bc5 7. Qe2 Bf2+ 8. Kd1 Qxd5+ 9. Nfd2 O-O 10. Qxe4 Bg4+ 11. Be2 Bxe2+ 12. Kxe2 Qc5 13. b4 Qd4 14. Qxd4 Bxd4 15. c3 Re8+ 16. Kd3 Bf6 17. Ne4 Nc6 18. Nxf6+ gxf6 19. Be3 b5 20. Nd2 a5 21. a3 f5 22. Rhe1 f6 23. Nb3 Re4 24. Nd4 Rd8 25. g3 a4 26. Bf2 Rxe1 27. Rxe1 Kf7 28. c4 bxc4+ 29. Kxc4 1-0

[Event "Hallsberg opJ"]
[Site "Hallsberg SWE"]
[Date "1993.??.??"]
[Round "?"]
[White "Ludwikow, Thomas"]
[Black "Onischuk, Alexander"]
[Result "0-1"]
[WhiteElo "2135"]
[BlackElo "2420"]
[PlyCount "46"]
[EventDate "1993.??.??"]
[Source "www.chesslib.no"]
[SourceDate "2004.05.04"]

1. e4 e5 2. f4 d5 3. exd5 e4 4. d3 Nf6 5. dxe4 Nxe4 6. Nf3 Bc5 7. Bd3 Nf2 8. Qe2+ Qe7 9. Rf1 Nxd3+ 10. cxd3 Qxe2+ 11. Kxe2 O-O 12. Nc3 Nd7 13. Nb5 Bb6 14. d6 c6 15. Nc3 Rd8 16. Ne4 Nf6 17. Ne5 Ne8 18. Be3 Bxe3 19. Kxe3 Nxd6 20. Nxd6 Rxd6 21. f5 Rd5 22. Ke4 f6 23. Nc4 Bd7 0-1

[Event "Olicio Gadia mem"]
[Site "Rio de Janeiro"]
[Date "1997.??.??"]
[Round "9"]
[White "Rios Filho, Hilton Carlos"]
[Black "Toth, Peter"]
[Result "1/2-1/2"]
[WhiteElo "2340"]
[BlackElo "2215"]
[PlyCount "92"]
[EventDate "1997.??.??"]
[Source "www.chesslib.no"]
[SourceDate "2004.05.04"]

1. e4 e5 2. f4 d5 3. exd5 e4 4. d3 Nf6 5. dxe4 Nxe4 6. Nf3 Bc5 7. Qe2 f5 8. Nc3 Qe7 9. Be3 Bb4 10. Bd2 O-O 11. O-O-O Na6 12. Qe1 Bd6 13. Bd3 Re8 14. Nb5 Bd7 15. Nxd6 cxd6 16. Qe3 Qf6 17. Bxa6 bxa6 18. Rhe1 Bb5 19. Qd4 Qf7 20. Kb1 Rac8 21. b3 Nxd2+ 22. Nxd2 a5 23. c4 Ba6 24. Nf3 h6 25. Qd3 a4 26. Nd4 Rxe1 27. Rxe1 Qxd5 28. Qe3 Qc5 29. Qe6+ Kh8 30. Nxf5 axb3 31. axb3 Qa3 32. Re3 Rb8 33. Nd4 Qc5 34. Qd5 Bxc4 35. Qxc5 dxc5 36. Nc6 Rxb3+ 37. Rxb3 Bxb3 38. Nxa7 Bd5 39. g3 h5 40. Kc2 h4 41. Nc8 hxg3 42. hxg3 Bf7 43. Nb6 Be6 44. Na4 c4 45. Nc5 Bf5+ 46. Kc3 g5 1/2-1/2

[Event "Metz op"]
[Site "Metz"]
[Date "1998.04.09"]
[Round "5"]
[White "Rechel, Bernd"]
[Black "Meier, M."]
[Result "1-0"]
[WhiteElo "2395"]
[BlackElo "2160"]
[PlyCount "63"]
[EventDate "1998.04.06"]
[Source "www.chesslib.no"]
[SourceDate "2004.05.04"]

1. e4 e5 2. f4 d5 3. exd5 e4 4. d3 Nf6 5. dxe4 Nxe4 6. Nf3 Bc5 7. Qe2 Bf2+ 8. Kd1 Qxd5+ 9. Nfd2 f5 10. Nc3 Qd4 11. Ncxe4 fxe4 12. c3 Qe3 13. Nxe4 Qxe2+ 14. Bxe2 Bb6 15. Bc4 Bg4+ 16. Kc2 Bf5 17. Re1 Nc6 18. g4 Bxe4+ 19. Rxe4+ Kf8 20. f5 h5 21. g5 h4 22. h3 Ne7 23. Be6 Rd8 24. Bf4 c6 25. Rd1 Nd5 26. Bxd5 cxd5 27. Re6 Rh5 28. Rde1 d4 29. Bd6+ Kg8 30. Re8+ Rxe8 31. Rxe8+ Kf7 32. Rf8# 1-0

[Event "Castellar del Valles (13eme open)"]
[Site "?"]
[Date "2004.07.16"]
[Round "3"]
[White "Sanpera Bonet Juan Carlos"]
[Black "Vidarte Morales Arturo"]
[Result "0-1"]
[WhiteElo "2184"]
[BlackElo "2367"]
[PlyCount "43"]
[EventDate "2004.??.??"]
[Source "www.chesslib.no"]
[SourceDate "2004.05.04"]

1. e4 e5 2. f4 d5 3. exd5 e4 4. d3 Nf6 5. dxe4 Nxe4 6. Be3 Bd6 7. Nf3 O-O 8. Bd3 Re8 9. O-O Nf6 10. Ne5 Nbd7 11. Nxd7 Rxe3 12. Nxf6+ Qxf6 13. Nc3 Bf5 14. Bxf5 Qxf5 15. Qd2 Rae8 16. g3 h5 17. Rae1 Bc5 18. Kg2 h4 19. Rxe3 h3+ 20. Kh1 Rxe3 21. Rf2 Rxc3 22. bxc3 0-1

[Event "Festival Catalunya Grupo A"]
[Site "?"]
[Date "2004.09.09"]
[Round "4"]
[White "Asis Gargatagli Hipolit"]
[Black "Ferron Garcia Carlos"]
[Result "1-0"]
[WhiteElo "2236"]
[BlackElo "2314"]
[PlyCount "63"]
[EventDate "2004.??.??"]
[Source "www.chesslib.no"]
[SourceDate "2004.05.04"]

1. e4 e5 2. f4 d5 3. exd5 e4 4. d3 Nf6 5. dxe4 Nxe4 6. Nf3 Bc5 7. Qe2 Qe7 8. Be3 Bf5 9. Bxc5 Nxc5 10. Qxe7+ Kxe7 11. Nd4 Be4 12. Nc3 f5 13. O-O-O a5 14. Be2 Nbd7 15. Bf3 Nf6 16. Rhe1 g6 17. g4 Kd7 18. Bxe4 Nfxe4 19. Nxe4 Nxe4 20. gxf5 gxf5 21. Nxf5 Raf8 22. Ng7 Nd6 23. Ne6 Rf6 24. b3 Rh6 25. Rg1 Nf5 26. Rd2 c6 27. Ng5 Rf8 28. dxc6+ Kxc6 29. Re1 Rff6 30. Nf3 Nd6 31. Ne5+ Kc7 32. Ng4 1-0

[Event "Open"]
[Site "Dubna RUS"]
[Date "2007.08.05"]
[Round "3"]
[White "Skliarov, D."]
[Black "Denisov, Sergei"]
[Result "1-0"]
[WhiteElo "2335"]
[BlackElo "2210"]
[PlyCount "127"]
[EventDate "2007.08.02"]
[Source "www.chesslib.no"]
[SourceDate "2004.05.04"]

1. e4 e5 2. f4 d5 3. exd5 e4 4. d3 Nf6 5. dxe4 Nxe4 6. Nf3 c6 7. Bd3 Nc5 8. Bc4 Be7 9. O-O O-O 10. Nc3 b5 11. Bb3 b4 12. Na4 Nxb3 13. axb3 cxd5 14. Be3 Ba6 15. Rf2 Bb7 16. Nc5 Qb6 17. Nxb7 Qxb7 18. Rd2 Nd7 19. Rxd5 Nf6 20. Rda5 Ng4 21. Bd4 Rfd8 22. h3 Nf6 23. Qe2 a6 24. Rxa6 Kf8 25. Ra7 Rxa7 26. Rxa7 Qe4 27. Qxe4 Nxe4 28. Rc7 Bd6 29. Rc4 f5 30. Ne5 Ra8 31. Rc6 Ke7 32. Nd3 g5 33. Be5 Bxe5 34. Nxe5 Ra1+ 35. Kh2 Rf1 36. Nd3 gxf4 37. Rc7+ Kf6 38. Rxh7 Kg6 39. Rb7 Kg5 40. Rxb4 Ng3 41. Rxf4 Rxf4 42. Kxg3 Rf1 43. h4+ Kf6 44. b4 Rd1 45. b5 Ke6 46. h5 Rd2 47. Nb4 Rd4 48. Nd3 Kf6 49. Kf3 Rd5 50. b4 Rxb5 51. c4 Rb8 52. b5 Ke6 53. Ke3 Rd8 54. c5 Rb8 55. Nf4+ Kd7 56. h6 Rh8 57. Kd4 Rxh6 58. Ke5 Rh1 59. c6+ Kc8 60. b6 Rb1 61. Nd5 Re1+ 62. Kxf5 Rc1 63. Ke5 Kb8 64. Ne7 1-0

[Event "Nagykanizsa Open"]
[Site "Nagykanizsa"]
[Date "1993.??.??"]
[Round "4"]
[White "Grabics, Monika"]
[Black "Shilov, Sergej"]
[Result "1/2-1/2"]
[WhiteElo "2245"]
[BlackElo "2295"]
[PlyCount "47"]
[EventDate "1993.??.??"]
[Source "www.chesslib.no"]
[SourceDate "2004.05.04"]

1. e4 e5 2. f4 d5 3. exd5 e4 4. d3 Nf6 5. dxe4 Nxe4 6. Nf3 Bc5 7. Qe2 Bf5 8. Nc3 Qe7 9. Be3 Nxc3 10. Bxc5 Qxe2+ 11. Bxe2 Nxe2 12. Kxe2 Na6 13. Ba3 Bxc2 14. Kd2 Be4 15. Ng5 Bxd5 16. Rhe1+ Kd7 17. Re7+ Kc6 18. Nxf7 Rhf8 19. Ne5+ Kb5 20. g3 Rg8 21. b3 Rae8 22. Rc1 c5 23. Rxe8 Rxe8 24. Nd3 1/2-1/2

[Event "Pan American-ch U18"]
[Site "?"]
[Date "2002.05.25"]
[Round "2"]
[White "Franca Ricardo Bedin"]
[Black "Lopez Hugo"]
[Result "1/2-1/2"]
[WhiteElo "2199"]
[BlackElo "2337"]
[PlyCount "70"]
[EventDate "2002.??.??"]
[Source "www.chesslib.no"]
[SourceDate "2004.05.04"]

1. e4 e5 2. f4 d5 3. exd5 e4 4. d3 Nf6 5. dxe4 Nxe4 6. Be3 Qh4+ 7. g3 Nxg3 8. Nf3 Qe7 9. hxg3 Qxe3+ 10. Qe2 Qxe2+ 11. Bxe2 Bc5 12. Bd3 h6 13. Nbd2 O-O 14. Ne4 Re8 15. Kf1 Bf8 16. Re1 Rd8 17. Bc4 Nd7 18. Be2 Nb6 19. c4 Bf5 20. Nc3 Bb4 21. Rc1 a6 22. a3 Be7 23. Kg2 Bf6 24. Rhe1 Re8 25. Ne5 Bxe5 26. fxe5 Rxe5 27. Bf1 Rae8 28. Kf2 Nd7 29. b4 Nf6 30. Rxe5 Ng4+ 31. Kg1 Rxe5 32. Ne2 Ne3 33. Rc3 Re4 34. Nf4 Nxf1 35. Kxf1 g5 1/2-1/2